000 00712nam a2200289Ia 4500
005 20260324112113.0
008 008 260324s9999 xx 000 0 eng d
020 _a9781003533924
037 _aEBOOK
040 _aCRL
040 _beng
040 _cCRL
041 _2eng
041 _aeng
084 _qCRL
100 _aStephen C. Angle; Yutang Jin
_91141310
245 0 _aProgressive Confucianism and its Critics
245 0 _bDialogues from the Confucian Heartland
260 _bTaylor and Francis
260 _c2024
365 _a
365 _b220
856 _uhttp://www.taylorfrancis.com/books/9781003533924
942 _cEBOOK
999 _c1730387
_d1730387